000 00898nam a2200205Ia 4500
999 _c38052
_d38052
001 4038
003 GE_BSU
005 20190514143104.0
008 181216s1979||||ge |||||||||||||| ||geo||
040 _cGE_BSU
041 _ageo
080 _a81'374.3=353.1(038) უ-95
245 _aუცხო სიტყვათა ლექსიკონი /
_cშეადგინა მ.ჭაბაშვილმა ; რედ : თ.შარაძენიძე
250 _aმეორე შესწორებული და შევსებული გამოცემა.
264 _aთბილისი . :
_bგანათლება,
_c1979.
300 _a480 გვ . ;
_c22 სმ.
653 _aუცხო სიტყვათა ლექსიკონი
700 _a.შარაძენიძე, თ
_eრედაქტორი
_91099
942 _cBK
_2udc